| 000 | 00779cam a22002531 4500 | ||
|---|---|---|---|
| 001 | sa 65008795 | ||
| 003 | DLC | ||
| 005 | 20260227112157.0 | ||
| 008 | 890707s1965 ii h b 000 0 hino | ||
| 010 | _asa 65008795 | ||
| 035 | _a(OCoLC)19983014 | ||
| 040 |
_aDLC _cWaU _dNRU _dDLC |
||
| 042 | _apremarc | ||
| 050 | 0 | 0 |
_aPK2069.B3 _bB3 1965 |
| 100 | 0 |
_aBālacanda, _cMuni, _dactive 17th century. |
|
| 245 | 1 | 0 |
_aBālacanda battīsī. _cSampādaka Harimohana Mālavīya. |
| 250 | _a[1. saṃskaraṇa] | ||
| 260 |
_aPrayāga, Hindī Sāhitya Sammelana _c[1965] |
||
| 300 |
_a81 p. _bfacsims. _c19 cm. |
||
| 440 | 0 |
_aSammelana-ākaragranthamālā ; _vgranthāṅka 2 |
|
| 500 | _aIn Hindi. | ||
| 504 | _aBibliography: p. [80]-81. | ||
| 700 | 1 |
_aMālavīya, Harimohana, _d1933- |
|
| 999 |
_c65868 _d65868 |
||